000 01077cam a2200373 i 4500
001 7027
003 OSt
005 20260226112723.0
008 771214s1977 enka 001 0 eng
010 _a 77373608
015 _aGB77-14835
020 _a0006338135
_c£1.50
035 _a364945
040 _aDLC
_cIVS
_dDLC
050 0 0 _aNX180.S6
_bA775
082 0 0 _a700.941 BAR
100 _aBarker, Paul
245 0 0 _aArts in Society:
_cedited by Paul Barker.
260 _a[London] :
_bFontana,
_c1977.
300 _a285 p. :
_bill. ;
_c18 cm.
336 _atext
_btxt
_2rdacontent
337 _aunmediated
_bn
_2rdamedia
338 _avolume
_bnc
_2rdacarrier
490 0 _aFontana communications series
500 _a"A New society collection"
500 _aIncludes index.
650 0 _aArts and society.
650 0 _aArts, Modern
_y20th century.
650 0 _aArt Social Aspects
700 1 _aBarker, Paul,
_d1935-
906 _a7
_bcbc
_corignew
_d3
_encip
_f19
_gy-gencatlg
942 _2ddc
_cBK
_n0
999 _c7451
_d7451